[Event "Balkan Youth Online-ch 2020"]
[Site "Online"]
[Date "2020.10.31"]
[Round "2.24"]
[White "Erdogan, Tekin Alp"]
[Black "Creanga, Robert-Ionut"]
[Result "0-1"]
[WhiteElo "1828"]
[BlackElo "2053"]
[Annotator "TA"]
[PlyCount "100"]
[EventDate "2020.10.31"]
[EventType "swiss"]
[SourceTitle "playchess.com"]
[Source "ChessBase"]
[SourceQuality "1"]

{[%evp 9,100,-6,-6,-6,-6,-13,0,-11,0,-8,0,0,0,0,0,0,0,-23,-23,-23,-16,-23,-17,-25,-14,-43,-36,-46,-21,-68,-68,-68,-69,-69,-69,-61,-66,-110,-68,-68,-68,-135,-4,-140,-71,-812,-135,-135,-135,-138,-143,-252,-256,-288,-291,-293,-292,-293,-293,-293,-285,-284,-281,-518,-518,-535,-525,-750,-759,-751,-634,-885,-748,-1166,-1154,-1137,-1127,-1003,-909,-4509,-3526,-2962,-1292,-3222,-3052,-1845,-1716,-3147,-1215,-6279,-6003,-2144,-2052]} 1. d4 Nf6 2. Bg5 e6 3. e4 h6 4. Bxf6 Qxf6 5. e5 Qe7 6. c3 {A45: Trompowsky Attack.} d6 7. Nf3 g6 8. exd6 {The position is equal.} cxd6 {[#]} 9. Bb5+ $146 (9. Bd3 {with more complications.} Bg7 10. O-O O-O 11. Re1 Qc7 12. Na3) ({Predecessor:} 9. Bd3 Bg7 10. O-O O-O 11. Nbd2 Nd7 12. Qb3 b6 13. Ne4 Nf6 14. Qa3 Rd8 15. Nxf6+ Bxf6 {½-½ (36) Butchak,B-Skliarov,V (2049) Odessa 2009}) 9... Bd7 10. Bxd7+ Nxd7 11. O-O Bg7 12. Na3 O-O 13. Nc4 b5 14. Ne3 Rab8 15. Re1 Qd8 16. Qd3 d5 17. Ng4 Qc7 18. h3 b4 19. Nd2 bxc3 20. bxc3 Rfc8 21. Rec1 Nb6 22. Ne3 Na4 {[%cal Ra4c3]} 23. Nd1 Qd6 24. Rab1 Qa3 {Strongly threatening ...Rxb1.} 25. Qa6 (25. Rc2 $15) 25... Bf8 (25... Qxa2 $17 {And now ...Nxc3 would win.} 26. Qd3 Rxb1 27. Rxb1 Nb6) 26. Ra1 {[#]} (26. Rxb8 $11 Rxb8 27. Rc2) 26... Rc7 (26... Nb2 $142 $1 27. Qxa3 Bxa3) 27. c4 $2 {[%mdl 8192] This costs White the game.} (27. Rc2 $17 Rb6 28. Qd3) 27... Nb6 $2 (27... Rb6 $19 {has better winning chances.} 28. Rc3 Rxa6 29. Rxa3 Bxa3) 28. Qxa3 $17 Bxa3 29. Rc2 Nxc4 30. Nb3 (30. Ne3 $17) 30... Rbc8 $19 31. Re2 a5 32. Nc3 Bb2 33. Nb5 Bxa1 34. Nxc7 Rxc7 35. Nxa1 {[%mdl 4096] Endgame KRN-KRN} a4 36. Rc2 $2 {[#]} (36. Nc2) 36... Rb7 {Black is clearly winning.} 37. Rc1 Rb2 38. a3 Nxa3 39. Kf1 Nc4 40. Nc2 a3 41. Ke1 a2 42. Kd1 Na5 43. Na1 Rxf2 44. Rc5 Nc4 45. Nb3 Rf1+ 46. Kc2 a1=Q 47. Nxa1 Rxa1 48. g4 g5 49. Kd3 Ra3+ 50. Ke2 Rxh3 {Av CentiPawn Loss W=-43/B=-114. Weighted=-89/-117} 0-1

[Event "Balkan Youth Online-ch 2020"]
[Site "Online"]
[Date "2020.10.31"]
[Round "2.25"]
[White "Djurovic, Peko"]
[Black "Stefanou, Dimitrios"]
[Result "0-1"]
[WhiteElo "2074"]
[BlackElo "2099"]
[Annotator "TA"]
[PlyCount "116"]
[EventDate "2020.10.31"]
[EventType "swiss"]
[SourceTitle "playchess.com"]
[Source "ChessBase"]
[SourceQuality "1"]

{[%evp 20,116,0,-2,9,19,22,17,49,50,55,47,40,12,16,21,13,0,0,-51,-35,-103,-108,-106,0,0,0,0,0,-98,-97,-121,-117,-122,-120,-118,-118,-122,-118,-121,-116,-147,-118,-126,-116,-133,-118,-124,-129,-125,-133,-124,-130,-133,-75,-220,-220,-204,-193,-212,-179,-225,-225,-220,-218,-247,-256,-296,-203,-824,-1105,-1063,-993,-974,-947,-1001,-986,-879,-830,-6620,-2691,-12835,-10601,-1621,-2133,-12845,-12842,-29982,-29981,-29986,-12846,-29989,-29990,-29990,-29991,-29991,-29991,-29993,-29994]} 1. e4 e5 2. Nf3 Nc6 3. Bb5 a6 4. Ba4 Nf6 5. d4 exd4 6. O-O Be7 7. e5 Ne4 8. Re1 Nc5 9. Bxc6 dxc6 10. Nxd4 O-O 11. Nc3 Ne6 {C84: Closed Ruy Lopez: Unusual White 6th moves.} 12. Nf5 Bg5 13. Qg4 {[#] And now Rd1 would win.} Bxc1 {The position is equal.} 14. Raxc1 {Black must now prevent f4.} Qg5 15. Qxg5 Nxg5 16. Ng3 Ne6 17. Rcd1 b6 {[#]} 18. Nce4 $146 ({Predecessor:} 18. Nf5 Bb7 19. Nd4 Nf4 20. g3 Nd5 21. Nxc6 Nxc3 22. Ne7+ Kh8 23. bxc3 Rad8 24. Rd4 Rxd4 25. cxd4 {1-0 (30) Llaneza Vega,P (2167)-Garcia Acosta,R (2116) Barcelona 2017}) 18... Bb7 19. Rd7 ({White should play} 19. Nf5 $11) 19... c5 20. Red1 (20. f3 $15) 20... Bc6 $17 21. R7d2 Rfd8 (21... Nf4 $17 22. f3 Rae8) 22. Rxd8+ $11 Rxd8 23. Rxd8+ Nxd8 {[%mdl 4096] Endgame KBN-KNN} 24. Kf1 (24. Nc3 $11 {keeps the balance.}) 24... Ne6 $17 25. Ke2 Nf4+ 26. Kf3 Ng6 27. Nf5 Kf8 28. Ke3 Nxe5 29. Kf4 f6 30. f3 a5 31. b3 c4 32. Nd4 Bd7 33. Ke3 c5 34. Ne2 cxb3 35. cxb3 Ke7 36. h3 a4 (36... f5 $142 37. Nd2 a4) 37. f4 {White does not recover from this.} (37. N2c3 $17 {was called for.}) 37... axb3 $19 38. axb3 Nc6 39. Nd2 Be6 40. g4 Na5 41. Nc1 Kd6 42. f5 Bd5 43. h4 b5 44. Kd3 $2 {[#]} (44. Kf4) 44... Nxb3 $1 {[%mdl 512]} 45. Ncxb3 Bxb3 {KB-KN} 46. Ne4+ Kd5 {Hoping for ...Bc2+!} 47. Nc3+ Kc6 48. g5 Bd5 49. g6 h6 50. Nd1 Kd6 51. Ne3 Ke5 52. Ke2 b4 53. h5 c4 54. Kd2 c3+ (54... Ke4 $142 55. Nc2 c3+ 56. Ke2 b3 57. Kd1 b2 58. Na3 Kd3 59. Ke1 c2 {[%mdl 64] Overworked Piece} 60. Nxc2 b1=Q+ {[%mdl 64] Double Attack} 61. Kf2 Qxc2+ 62. Kg3 Be4 63. Kh3 Qf2 64. Kg4 Bxf5#) 55. Ke2 b3 {Black mates.} 56. Kd3 b2 57. Ng4+ Kf4 58. Nxf6 b1=Q+ {Av CentiPawn Loss W=61/B=-58. Weighted=-52/-84} 0-1

[Event "Balkan Youth Online-ch 2020"]
[Site "Online"]
[Date "2020.10.31"]
[Round "2.26"]
[White "Oltean, Cristian-Daniel"]
[Black "Makridis, Dimitrios"]
[Result "0-1"]
[WhiteElo "2001"]
[BlackElo "2226"]
[Annotator "TA"]
[PlyCount "100"]
[EventDate "2020.10.31"]
[EventType "swiss"]
[SourceTitle "playchess.com"]
[Source "ChessBase"]
[SourceQuality "1"]

{[%evp 15,99,0,18,10,6,0,21,0,0,4,2,6,5,4,17,17,17,17,17,17,18,3,13,11,11,10,9,9,13,9,15,11,16,4,7,6,6,4,20,2,6,6,0,0,0,0,0,0,0,0,0,0,0,0,0,0,1039,973,587,-684,-600,-1904,-1827,-2110,-1797,-1789,-1789,-29938,-29937,-12850,-5089,-5072,-5065,-29977,-29976,-29989,-29990,-29990,-29991,-29991,-29992,-29992,-29993,-29995,-29996,-29999]} 1. e4 c5 2. Nf3 Nf6 3. Nc3 d5 4. exd5 Nxd5 5. Bb5+ Bd7 6. Bxd7+ Qxd7 7. Nxd5 Qxd5 8. d4 Nc6 9. dxc5 {B29: Sicilian: 2 Nf3 Nf6 (Nimzowitsch Variation).} Qxc5 10. O-O e6 11. Qe2 {The position is equal.} Be7 12. Be3 Qa5 {[#]} 13. Rfd1 $146 ({Predecessor:} 13. Nd4 Nxd4 14. Bxd4 O-O 15. Qe5 Qxe5 16. Bxe5 f6 17. Bf4 Bc5 18. Rfe1 e5 19. Be3 Bxe3 20. Rxe3 {½-½ (47) Pingin,A (1981)-Gogolev,A (2389) Sochi 2018}) 13... Qc7 14. Nd4 a6 15. Qc4 Rc8 16. Nxc6 Qxc6 17. Qxc6+ Rxc6 18. c3 Bc5 19. Bxc5 Rxc5 $11 {[%mdl 4096] Endgame KRR-KRR} 20. Rd6 Rc7 21. Rad1 {Rd8+ is the strong threat.} Ke7 22. Kf1 Rb8 23. Ke2 b6 24. a3 Rbb7 25. Rd8 a5 26. Ra8 Ra7 27. Rxa7 (27. Rb8 {keeps more tension.} Rab7 28. Rh8 h6 29. Ra8 Rc5 30. Rd2) 27... Rxa7 {KR-KR} 28. Rd4 Rd7 29. Kd3 e5 30. Rxd7+ Kxd7 {KP-KP} 31. Kc4 Kc6 32. a4 f5 33. h3 g6 34. g3 h6 35. b3 e4 $2 {[%mdl 8192]} (35... g5 $11) 36. Kd4 $18 Kd6 37. b4 $4 {[%mdl 8192] [#]} (37. g4 $18 Ke6 38. gxf5+ Kxf5 39. b4) 37... b5 $1 $19 {[%mdl 512]} 38. axb5 a4 {[%cal Ba5a4,Ba4a3][%mdl 32]} 39. c4 a3 40. c5+ Kc7 41. b6+ Kb7 42. Kc3 g5 (42... a2 $142 43. Kb2 g5 44. Kxa2 f4) 43. Kb3 f4 44. Kxa3 e3 {Black mates.} 45. Ka4 exf2 46. b5 f1=Q 47. Ka5 Qa1+ 48. Kb4 Qd4+ 49. Ka5 Qxc5 {[%cal Rc5a3]} 50. gxf4 Qa3# {Av CentiPawn Loss W=333/B=-58. Weighted=29/-46} 0-1

[Event "Balkan Youth Online-ch 2020"]
[Site "Online"]
[Date "2020.10.31"]
[Round "2.27"]
[White "Ristic, Luka"]
[Black "Zlatkov, Anton"]
[Result "1-0"]
[WhiteElo "2262"]
[BlackElo "2032"]
[Annotator "TA"]
[PlyCount "101"]
[EventDate "2020.10.31"]
[EventType "swiss"]
[SourceTitle "playchess.com"]
[Source "ChessBase"]
[SourceQuality "1"]

{[%evp 14,101,0,0,13,19,28,14,74,35,77,59,60,47,44,39,48,52,54,57,109,133,176,103,113,59,138,139,243,233,242,232,246,136,144,150,146,206,474,167,178,172,154,146,146,8,191,162,194,188,195,196,196,191,176,100,99,80,102,43,51,51,43,0,8,8,8,8,8,8,8,8,8,19,30,8,8,8,300,300,300,300,300,293,282,8,8,8,8,8]} 1. d4 Nf6 2. Bf4 g6 3. e3 Bg7 4. Nf3 O-O 5. Be2 d5 6. h3 c5 7. O-O Nc6 8. c3 Bf5 {D02: 1 d4 d5 2 Nf3 sidelines, including 2...Nf6 3 g3 and 2...Nf6 3 Bf4.} 9. Nbd2 Ne4 10. Nxe4 Bxe4 (10... dxe4 $11 {remains equal.} 11. Ne5 Nxe5 12. dxe5 Be6) 11. Qb3 {[#]} b6 $146 ({Predecessor:} 11... Na5 12. Qb5 c4 13. b4 cxb3 14. axb3 b6 15. Nd2 Bf5 16. b4 Nb7 17. Bf3 e6 {1-0 (34) Sigurpalsson,R (2220)-Thorhallsson,T (2470) Vestmannaeyjar 1994}) 12. Rfd1 c4 13. Qa3 b5 14. b3 Qa5 15. Qxa5 Nxa5 16. Nd2 Bf5 (16... Bc2 $14) 17. Bf3 $16 e6 18. b4 (18. e4 $1 $18) 18... Nc6 19. e4 ({White should play} 19. a4 $16) 19... dxe4 (19... a5 $1 $14) 20. Nxe4 Bxe4 (20... Ne7 $16) 21. Bxe4 $18 Rac8 22. a4 bxa4 23. Bd6 ({Better is} 23. b5 $18 Nd8 24. Rxa4) 23... Rfd8 $16 24. Bc5 e5 {[%cal Re5d4]} 25. d5 (25. Rxa4 $6 exd4 26. b5 dxc3 $14) 25... f5 $2 (25... Na5) 26. Bc2 $2 (26. dxc6 Rxd1+ 27. Rxd1 fxe4 28. b5) 26... Na5 $18 27. Rxa4 (27. Bxa7 Rd7 $16) ({Don't play} 27. Bxa4 Nb3 $16) 27... Nb7 28. Bxa7 e4 29. Bd4 (29. Bb6 $16) 29... Rxd5 $2 (29... Bxd4 $11 {and Black has nothing to worry.} 30. Rxd4 Nd6) 30. Bxg7 Rxd1+ 31. Bxd1 Kxg7 $11 {[%mdl 4096] Endgame KRB-KRN} 32. Ra7 Rb8 33. Be2 Kf6 34. Bxc4 (34. Ra6+ $1 $18 Ke7 35. Rb6 (35. Bxc4 Nd6 $16)) 34... Nd6 $16 35. Bf1 (35. Ra6 {seems wilder.} Ke7 36. Be2 Rb7 37. Kf1 Rc7 38. Ra3) 35... Rc8 {[#]} 36. Ra6 ({But not} 36. Rxh7 $6 Rxc3 37. Rd7 Ke6 $11) (36. Ra3 $1 $16) 36... Ke5 $14 37. Ra5+ Ke6 38. Rc5 (38. Ra3 {with more complications.} Kd5 39. Ba6 Rc7 40. Kf1 Nc4 41. Ra1) 38... Rxc5 39. bxc5 $11 {KB-KN} Nb7 40. Bc4+ Ke7 $1 41. c6 Na5 $1 {[%cal Ra5c4]} 42. c7 Kd7 43. Bg8 Nc6 $1 44. g4 Ne7 45. Bxh7 {Kh2 is the strong threat.} Kxc7 $2 {[%mdl 8192]} (45... fxg4 $1 $11 46. hxg4 Kxc7) 46. gxf5 $18 gxf5 47. h4 Kd6 48. h5 Ke5 {[#]} 49. h6 $2 (49. c4 $1 $18) 49... Kf6 $11 50. Bg8 Nxg8 51. h7 {[%mdl 32768] Av CentiPawn Loss W=-28/B=-29. Weighted=-31/-32. Loss on time!?} 1-0

[Event "Balkan Youth Online-ch 2020"]
[Site "Online"]
[Date "2020.10.31"]
[Round "2.28"]
[White "Herega, Nejc"]
[Black "Skrbec, Leon"]
[Result "1/2-1/2"]
[WhiteElo "2052"]
[BlackElo "1964"]
[Annotator "TA"]
[PlyCount "60"]
[EventDate "2020.10.31"]
[EventType "swiss"]
[SourceTitle "playchess.com"]
[Source "ChessBase"]
[SourceQuality "1"]

{[%evp 16,60,68,0,32,27,41,18,72,77,75,40,35,38,63,57,59,59,55,50,57,37,49,25,64,73,72,56,63,31,36,36,17,18,79,68,84,76,87,82,108,109,111,103,102,0,116]} 1. Nf3 Nf6 2. c4 e6 3. g3 b6 4. Bg2 Bb7 5. O-O Be7 6. d4 O-O 7. Nc3 d5 8. Ne5 c6 9. Qa4 {[#]} (9. e4 $14) 9... Bd6 $146 {E06: Closed Catalan: Early deviations.} ({Predecessor:} 9... Nfd7 10. Nd3 a6 11. Qb3 b5 12. cxd5 cxd5 13. e4 dxe4 14. Nxe4 Nc6 15. Be3 Na5 16. Qd1 Nc4 17. Nf6+ Nxf6 18. Bxb7 {1-0 (39) Raahul,V (2262)-Gharibyan,M (2388) Mumbai 2019}) 10. Rd1 Qc7 11. Nd3 dxc4 (11... Nbd7 $11) 12. Qxc4 $16 Ba6 13. Qb3 Nbd7 {[%cal Bb8d7,Bd7f8,Bf8g6,Bg6e7,Be7f5][%mdl 32]} 14. Bf4 Bxd3 15. Bxd6 Qxd6 16. Rxd3 Rac8 17. Rc1 Rfd8 18. Na4 Nf8 19. a3 Ng6 20. Qd1 Ne7 21. Nc3 Nf5 22. e3 c5 {[%cal Rc5d4]} 23. Ne4 Nxe4 24. Bxe4 {Black must now prevent dxc5.} cxd4 (24... Qe7 $1 $11) 25. Rxc8 Rxc8 26. Bxf5 $1 exf5 27. Rxd4 $14 {KQR-KQR} Qf6 {[#]} 28. Rd6 $1 {[%cal Rd6f6]} Qe7 29. Rd7 Qf6 30. Rd6 Qe7 {Av CentiPawn Loss W=-7/B=-18. Weighted=-8/-18} 1/2-1/2

[Event "Balkan Youth Online-ch 2020"]
[Site "Online"]
[Date "2020.10.31"]
[Round "2.29"]
[White "Smirnov, Grigorii"]
[Black "Dobre, Radu-Fabian"]
[Result "1-0"]
[WhiteElo "1413"]
[BlackElo "2050"]
[Annotator "TA"]
[PlyCount "45"]
[EventDate "2020.10.31"]
[EventType "swiss"]
[SourceTitle "playchess.com"]
[Source "ChessBase"]
[SourceQuality "1"]

{[%evp 16,45,35,12,32,5,31,23,50,62,39,31,52,48,94,92,111,46,79,72,97,72,76,56,215,213,205,202,203,200,193,179]} 1. d4 d5 2. c4 e6 3. Nf3 Nf6 4. g3 Be7 5. Bg2 O-O 6. O-O b6 7. Nc3 Bb7 8. Ne5 Na6 9. Bf4 Qe8 {E18: Queen's Indian: Old Main Line (4 g3 Bb7 5 Bg2 Be7 6 0-0 0-0 7 Nc3).} 10. cxd5 exd5 11. Qb3 {[%cal Rc3d5] [#]} Rd8 $146 {White has an edge.} ({Predecessor:} 11... c5 12. Nxd5 Bxd5 13. Bxd5 Nxd5 14. Qxd5 Rd8 15. Qb7 Nb4 16. dxc5 Bxc5 17. Rad1 Rxd1 18. Rxd1 {0-1 (59) Khismatullin,D (2639)-Moiseenko,V (2548) Sochi 2017}) 12. Nb5 Ra8 13. Rac1 c5 14. Rfd1 cxd4 15. Nxd4 Nc5 16. Qb5 (16. Qe3 $16) 16... Qxb5 17. Nxb5 Rfd8 18. b4 $36 {[%mdl 2048] Black is under strong pressure.} Ne6 19. Nc7 {[#] Strongly threatening Nxe6.} Rac8 $2 {Loses the game.} ({Better is} 19... Nxf4 $14 20. gxf4 Rac8) 20. Nxe6 $18 {White is clearly better.} fxe6 21. Bh3 Rxc1 22. Bxe6+ ({Less strong is} 22. Bxc1 Bxb4 23. Bxe6+ Kf8 $14) 22... Kf8 23. Rxc1 {Av CentiPawn Loss W=-13/B=-24. Weighted=-12/-26} 1-0

[Event "Balkan Youth Online-ch 2020"]
[Site "Online"]
[Date "2020.10.31"]
[Round "2.31"]
[White "Xhembulla, Aleksander"]
[Black "Guri, Adrian"]
[Result "1/2-1/2"]
[WhiteElo "1739"]
[BlackElo "1611"]
[Annotator "NA RC"]
[PlyCount "92"]
[EventDate "2020.10.31"]
[EventType "swiss"]
[SourceTitle "playchess.com"]
[Source "ChessBase"]
[SourceQuality "1"]
[TimeControl "5400+30"]

1. e4 {[%emt 1:05:20]} c5 {[%emt 1:05:25]} 2. c3 {[%emt 0:00:23]} Nf6 {[%emt 0:00:28]} 3. e5 {[%emt 0:00:22]} Nd5 {[%emt 0:00:22]} 4. d4 {[%emt 0:00:21]} cxd4 {[%emt 0:00:21]} 5. cxd4 {[%emt 0:00:21]} Nc6 {[%emt 0:00:29]} 6. Nf3 {[%emt 0:00:21]} d6 {[%emt 0:00:42]} 7. Bc4 {[%emt 0:00:23]} Nb6 {[%emt 0:00:35]} 8. Bb5 {[%emt 0:00:24]} dxe5 {[%emt 0:00:44]} 9. Nxe5 {[%emt 0:00:25]} Bd7 {[%emt 0:00:23]} 10. Nc3 {[%emt 0:00:32]} Nxe5 {[%emt 0:00:42]} 11. dxe5 {[%emt 0:00:24]} e6 {[%emt 0:00:57]} 12. Qe2 {[%emt 0:01:27]} Bxb5 {[%emt 0:01:27]} 13. Qxb5+ {[%emt 0:01:23]} Qd7 {[%emt 0:00:29]} 14. O-O {[%emt 0:00:53]} Qxb5 {[%emt 0:03:03]} 15. Nxb5 {[%emt 0:00:23]} Nd5 {[%emt 0:00:24]} 16. Bg5 {[%emt 0:05:08]} a6 {[%emt 0:00:48]} 17. Nc3 {[%emt 0:01:14]} Nxc3 {[%emt 0:01:02]} 18. bxc3 {[%emt 0:00:23]} h6 {[%emt 0:00:54]} 19. Be3 {[%emt 0:00:46]} Rc8 {[%emt 0:00:32]} 20. Rab1 {[%emt 0:01:18]} b5 {[%emt 0:01:34]} 21. a4 {[%emt 0:01:48]} bxa4 {[%emt 0:01:58]} 22. Rb7 {[%emt 0:02:29]} a3 {[%emt 0:01:10]} 23. Ra7 {[%emt 0:03:09]} Be7 {[%emt 0:02:13]} 24. Rd1 {[%emt 0:02:11]} Rd8 {[%emt 0:04:20]} 25. Rxd8+ {[%emt 0:01:33]} Bxd8 {[%emt 0:00:30]} 26. Bc5 {[%emt 0:00:55]} Bc7 {[%emt 0:02:42]} 27. Bxa3 {[%emt 0:03:13]} Kd7 {[%emt 0:00:37]} 28. Bd6 {[%emt 0:01:35]} Rc8 {[%emt 0:00:36]} 29. Rxa6 {[%emt 0:01:32]} Bxd6 {[%emt 0:00:40]} 30. Rxd6+ {[%emt 0:00:25]} Ke7 {[%emt 0:00:39]} 31. Rd3 {[%emt 0:00:29]} Ra8 {[%emt 0:01:02]} 32. g3 {[%emt 0:00:26]} Ra1+ {[%emt 0:00:29]} 33. Kg2 {[%emt 0:00:23]} Rc1 {[%emt 0:00:39]} 34. h4 {[%emt 0:00:32]} h5 {[%emt 0:00:27]} 35. Kf3 {[%emt 0:00:29]} Rc2 {[%emt 0:00:45]} 36. Ke3 {[%emt 0:01:07]} g6 {[%emt 0:00:39]} 37. f4 {[%emt 0:01:11]} Ra2 {[%emt 0:01:32]} 38. c4 {[%emt 0:00:51]} Ra7 {[%emt 0:01:20]} 39. Kd4 {[%emt 0:01:37]} Kd7 {[%emt 0:00:36]} 40. Kc5+ {[%emt 0:00:28]} Kc7 {[%emt 0:00:26]} 41. Rb3 {[%emt 0:00:42]} Ra6 {[%emt 0:00:56]} 42. Kb5 {[%emt 0:00:47]} Rb6+ {[%emt 0:01:06]} 43. Ka4 {[%emt 0:00:22]} Rc6 {[%emt 0:00:26]} 44. Kb5 {[%emt 0:00:24]} Rb6+ {[%emt 0:00:22]} 45. Ka4 {[%emt 0:00:21]} Rc6 {[%emt 0:00:21]} 46. Kb5 {[%emt 0:00:21]} Rb6+ {[%emt 0:00:22]} 1/2-1/2

[Event "Balkan Youth Online-ch 2020"]
[Site "Online"]
[Date "2020.10.31"]
[Round "2.32"]
[White "Farmakoski, Georg"]
[Black "Gregoric, Andraz"]
[Result "0-1"]
[WhiteElo "1481"]
[BlackElo "2037"]
[Annotator "TA"]
[PlyCount "104"]
[EventDate "2020.10.31"]
[EventType "swiss"]
[SourceTitle "playchess.com"]
[Source "ChessBase"]
[SourceQuality "1"]

{[%evp 13,104,26,15,0,99,26,56,50,54,59,59,70,56,35,37,46,43,33,38,14,14,14,14,16,23,21,27,0,21,-33,-33,-58,-62,-62,-34,-37,-41,-42,-13,-60,-60,-89,-73,-73,-73,-73,-32,-32,0,-68,-68,-272,-288,-535,-68,-68,0,-536,-487,-460,-391,-436,-408,-763,-753,-778,-769,-878,-879,-840,-829,-3311,-2913,-2524,-2509,-2281,-1956,-29978,-29979,-29977,-29970,-1873,-1544,-29977,-1935,-29977,-29978,-29981,-29981,-29980,-29980,-29993,-29994]} 1. Nf3 Nf6 2. g3 d6 3. Bg2 e5 4. d3 g6 5. O-O Bg7 6. c4 a5 7. Nc3 O-O 8. b3 {[#] A24: English Opening vs King's Indian: Lines without ...Nc6.} e4 $146 (8... Re8 $11) ({Predecessor:} 8... Nbd7 9. Qc2 Nc5 10. Bb2 Nh5 11. d4 exd4 12. Nb5 d3 13. exd3 Bxb2 14. Qxb2 Nxd3 15. Qd2 Nc5 {0-1 (33) Decsei,S (1602)-Molnar,L (1579) Hunagry 2019}) 9. Ne1 (9. dxe4 $16 Nc6 10. Bg5) 9... exd3 10. Nxd3 {White is slightly better.} Nc6 11. Bb2 Re8 12. Qd2 Bf5 13. Rfd1 Ne4 14. Nxe4 Bxe4 15. Bxg7 Kxg7 16. Qc3+ Qf6 17. Qxf6+ Kxf6 18. Bxe4 Rxe4 19. e3 g5 20. Kg2 Nb4 21. Nxb4 (21. Nb2 $11) 21... axb4 $11 {[%mdl 4096] Endgame KRR-KRR} 22. Kf3 Re5 23. Rd5 Ke6 24. e4 h5 25. Ke3 c6 26. Rxe5+ (26. Rd4 {feels hotter.} c5 27. Rd3 f5 28. f3 Ke7 29. Rad1) 26... dxe5 {KR-KR} 27. f3 f6 28. h3 h4 29. g4 Rd8 30. Ke2 Ra8 31. Ke3 Kd6 {And now ...Kc5 would win.} 32. Kd3 $2 {[#]} (32. Rd1+ $15 Kc5 33. Rd2) 32... Kc5 $19 33. Ke3 $2 (33. a4 {only move.} bxa3 34. Kc3) 33... Rd8 $2 (33... Ra6 $19 {Hoping for ...b5.} 34. Ke2 Ra3) 34. Ke2 Ra8 $2 {[%mdl 8192]} (34... Rd4 $15) 35. Ke3 {Black keeps a firm grip on the game.} Ra7 36. Kd3 {White hopes to continue with a4.} b5 37. cxb5 Kxb5 38. Ke3 (38. Kc2 $142 c5 39. Kb2) 38... c5 39. Ke2 Ra3 40. Kd2 c4 41. bxc4+ Kxc4 42. Ke2 Kc3 43. Rc1+ {[#]} Kb2 $1 {[%mdl 512]} 44. Rc4 Rxa2 {( -> ...Kb3+)} 45. Kd3 Ra3+ 46. Kd2 b3 47. Rb4 Ra6 48. Kd3 Rc6 (48... Rd6+ $142 49. Ke2 Ra6 50. Kd2 Ka2 51. Kd3 b2 52. Kd2 b1=Q 53. Rxb1 Kxb1 54. Kd3 Ra3+ 55. Kc4 Rxf3 56. Kb5 Rxh3 57. Kc4 Rf3 58. Kd5 h3 59. Ke6 h2 60. Ke7 h1=Q 61. Kd6 Qh7 62. Kd5 Rb3 63. Kc6 Qb7+ 64. Kc5 Qd7 65. Kc4 Qb5#) 49. Kd2 Rd6+ {Black mates.} 50. Ke3 Kc2 51. Rc4+ Kb1 52. Rc6 Rxc6 {Av CentiPawn Loss W=508/B=-55. Weighted=177/-59} 0-1

[Event "Balkan Youth Online-ch 2020"]
[Site "Online"]
[Date "2020.10.31"]
[Round "2.34"]
[White "Budisavljevic, Luka"]
[Black "Padurariu, Mihai-Edward"]
[Result "1-0"]
[WhiteElo "2454"]
[BlackElo "2084"]
[Annotator "TA"]
[PlyCount "83"]
[EventDate "2020.10.31"]
[EventType "swiss"]
[SourceTitle "playchess.com"]
[Source "ChessBase"]
[SourceQuality "1"]

{[%evp 9,83,-12,22,27,36,43,33,50,39,42,39,43,77,86,70,74,95,95,110,109,109,87,127,89,95,95,138,143,156,165,167,157,189,191,187,186,186,183,183,101,103,103,152,137,157,162,192,191,227,229,253,255,400,382,508,507,498,494,490,464,489,450,514,507,741,737,721,722,688,557,1127,1117,1062,931,770,728]} 1. d4 d5 2. Bf4 c5 3. e3 Nc6 4. c3 Nf6 5. Nd2 Qb6 6. Qb3 {D00: 1 d4 d5: Unusual lines.} Bf5 7. dxc5 Qxb3 8. axb3 {White is slightly better.} e5 9. Bg3 Bxc5 10. Ngf3 Bd6 11. Bb5 Nd7 {[#]} 12. Nd4 $1 {[%mdl 512]} Nxd4 (12... exd4 13. Bxd6) 13. exd4 f6 14. O-O Kf7 {[#]} 15. Nf3 $146 ({Predecessor:} 15. Rfe1 Rhe8 16. Nf3 a6 17. Bxd7 Bxd7 18. dxe5 Bc5 19. b4 Bb6 20. Rad1 Bc6 21. exf6 gxf6 {1-0 (44) Barva,A (2371)-Vanczak,T (2276) Hungary 2018}) 15... Rhe8 16. Rad1 {Strongly threatening dxe5.} Re7 17. Bxd7 Bxd7 18. dxe5 Bxe5 19. Bxe5 ({Don't play} 19. Rxd5 Bxg3 20. hxg3 (20. fxg3 Be6 $14) 20... Be6 $16) 19... fxe5 20. Rxd5 Rae8 21. Nxe5+ {[%mdl 64] Deflection} Rxe5 22. Rxd7+ {[%mdl 64] Double Attack} R8e7 {[#]} 23. Rxe7+ $1 Rxe7 $18 {[%mdl 4096] Endgame KR-KR} 24. Ra1 (24. b4 $18) 24... Re2 $16 25. Rb1 Kf6 26. g3 g5 27. b4 a6 28. Kf1 Rc2 29. Rd1 Rxb2 30. Rd7 b5 (30... h5 $142 31. Rxb7 Rc2 32. Rb6+ Kf5) 31. Rxh7 $18 Kf5 32. Rh6 {White is clearly winning.} Ra2 33. h3 Ke4 34. Kg2 Ra3 35. Rc6 Kf5 36. Kf3 Ra2 37. Rc5+ Kf6 38. Kg4 Rxf2 39. Rc6+ Ke5 40. Rxa6 Kd5 41. Rb6 Kc4 42. Rc6+ {Av CentiPawn Loss W=-14/B=-34. Weighted=-15/-30} 1-0